000 00632nam a2200277Ia 4500
005 20260324132946.0
008 008 260324s9999 xx 000 0 eng d
020 _a9781003100898
037 _aEBOOK
040 _aCRL
040 _beng
040 _cCRL
041 _2eng
041 _aeng
084 _qCRL
100 _aTom Boylan; Tadhg Foley
245 0 _aIrish Political Economy Vol 4
260 _bTaylor and Francis
260 _c2004
365 _a
365 _b540
856 _uhttp://www.taylorfrancis.com/books/9781003100898
942 _cEBOOK
999 _c1789854
_d1789854